000 01254nam a22003377a 4500
003 CHAP
005 20220329143430.0
008 090713s2009 mx r 00010 spa d
010 _a96514
011 _a97486
035 _a108154
040 _cCHAP
090 _aTesis
100 1 _aHernández Pérez, José Luis Miguel.
_954472
245 1 0 _aDesarrollo de un sistema electrónico para la medición de temperatura
_c/por José Luis Miguel Hernández Pérez
260 _aChapingo, Méx. :
_bEl autor,
_c2009
300 _ax, 90 h. :
_bilus., gráfs.
502 _aTesis (Ing. en Irrigación) -- UACH. Departamento de Irrigación
590 _aALEPH
_b10
_c20130110
_lUCH01
_h1529
590 _aBATCH-UPD
_b10
_c20130110
_lUCH01
_h1238
590 _aBATCH-UPD
_b10
_c20130410
_lUCH01
_h0805
590 _aBATCH-UPD
_b10
_c20130914
_lUCH01
_h1610
590 _aCONVERSION
_b10
_c20130109
_lUCH01
_h1353
650 0 4 _aAparatos e instrumentos cientificos.
_96199
650 0 4 _aInstrumentos de medida.
_959489
650 1 4 _aTemperatura atmosférica.
_9112232
901 _aBK
942 _cFOLL
949 _aTesis
_bBC
_cTES
_d33724002099769
_eTS1
_gDonaciØn
_h49390
_i108154
_sb
949 _aTesis
_bBC
_cTES
_d33724002099801
_eTS2
_fc.2
_gDonaciØn
_h49391
_i108154
_sb
999 _c96514
_d96514